LEADER 00506naa a2200133 i 4500 001 000000329558 003 CaOOAMICUS 005 20180831173622.0 008 180831n it u000 u ita u 013 $a41225 040 $aSeMil$bita 245 12$aL'edizione italiana delle opere di San Bernardo. 773 0 $tStudi su S. Bernardo di Chiaravalle.$dRoma : Ed. Cistercienses, 1975.$kBibliotheca cisterciensis$gp.311-316$w()189679 996 $6245$aL'edizione italiana delle opere di San Bernardo$9(OLS)http://semarc/title/418040 LEADER 00718nam a2200193 i 4500 001 000000040376 003 CaOOAMICUS 005 20151027000000.0 008 151027s1878 xx u000 u fre u 013 $a11546 040 $aSeMil$bita 245 10$aDu 1. au 26 janvier. 250 $a7. édition, revue, corrigée et considérablement augmentée. 300 $aXXVI, 643, IX p. 773 0 $aGuérin, Paul <1830-1908>$tPetits Bollandistes.$dParis : Bloud & Barral, 1872-1880.$g1$w()32738 850 $aSeMil 852 $aSeMil$W1$xVenegono$y1$m3J VI 86 FA$j6531$B6531$CSeMilBibl$Z2$F6531 $8I 961 $aOmaggio: Biblioteca Seminario Duomo 996 $6245$aDu 1. au 26 janvier$9(OLS)http://semarc/title/57962